000 00645nam a2200229 i 4500
001 C2-0085850
003 PPAK
005 20180727090712.0
008 970430s1979 maua|||| ||||| | eng d
040 _aPPAK
_beng
_cPPAK
_erda
082 0 4 _a301
_223
090 0 0 _a301
_bRIT
_dG
100 1 _aRitzer, George,
_eauthor
245 1 0 _aSociology :
_bexperiencing a changing society
264 1 _aBoston, Massachusetts :
_bAllyn and Bacon ,
_c1979
300 _axxi, 616 pages :
_billustrations ;
_c24 cm
336 _2rdacontent
_atext
337 _2rdamedia
_aunmediated
338 _2rdacarrier
_avolume
700 _eauthor
942 _ddc
_cB
999 _c17339
_d17339